000 002880000a22001450004500
003 MACL
040 _aMACL
090 _c33545
_d33543
100 _aKapil P N
245 _aObjective Chemistry
260 _bS Dinesh & co
350 _a590
650 _aPhysics
942 _cBOOK
_k530/KAP
999 _c33194
_d33194